Les chansons de Dosseh - Mort subite - Statistiques

Statistiques générales
  • Ce quiz a été pris 60 fois
  • Le résultat moyen est 5 sur 10
Answers on the Grid
Answers color-coded by a green-red scale on the quiz's grid according to % correct below.
Macabre
Blue Lights
Habitué
A chaque jour
Taciturne
3 Lions
French Riviera
Infréquentables
Fleur d'Automne
Branché
LA RUE
Une danse
Stars
Elle m'a dit
Dernier regard
Faut que ça paye
 
Statistiques - réponses
Réponse % Correct
Habitué
88%
Infréquentables
73%
A chaque jour
55%
Branché
55%
Fleur d'Automne
53%
Macabre
43%
Taciturne
35%
3 Lions
30%
Blue Lights
30%
French Riviera
30%
Aucun quiz correspondant
Distribution des résultats
% des personnes avec chaque résultat
Percentile par nombre de réponses
Votre historique - résultats
Vous n’avez pas pris ce quiz